000 00642nam a2200205 a 4500
003 OSt
005 20260422114307.0
008 880204s1987 ii b 001 0 eng
020 _a8121500540
040 _cHDL
_beng
082 0 0 _a2945 M7
100 1 _aNath, Vijay.
_91109601
245 1 0 _aDāna, gift system in ancient India, c. 600 B.C.-c. A.D. 300 :
_ba socio-economic perspective /
_cVijay Nath.
260 _aNew Delhi :
_bMunshiram Manoharlal Publishers,
_c1987.
300 _axvi, 309 p.
650 _aGift System
_91235352
651 0 _aIndia
_xSocial life and customs
_91112475
942 _2CC
_cTEXL
_n0
999 _c1848367
_d1848367